LEADER 01382nam a2200325 a 4500 001 000000134283 003 CaOOAMICUS 005 20130610100007.0 008 130610s2012 it u000 u ita r 020 $a978-88-97806-03-5 040 $aPUL$bita 082 04$a241 100 1 $aCampodonico, Angelo,$d1949-$0(OLS)http://pul/name/12692 245 13$aLa pretesa del bene :$bteoria dell'azione ed etica in Tommaso d'Aquino /$cAngelo Campodonico, Maria Silvia Vaccarezza. 260 $aNapoli :$bOrthotes,$c©2012. 300 $a157 p. ;$c21 cm. 490 1 $aEthica ;$v03 500 $aInclude indice. 504 $aBibliografia p. 209-216. 600 04$aThomas Aquinas,$cs.,$dc. 1225-1274$xEtica.$0(OLS)http://pul/subject/25171 700 1 $aVaccarezza, Maria Silvia.$0(OLS)http://pul/name/86508 830 0$aEthica (Orthotes) ;$v03.$0(OLS)http://pul/title/167857 850 $aPUL 852 $aPUL$W1$xSL Religione 3$y85$m241 CAMAN 1$j154383$qDDC 21$q $B153933$CPULBib$Z2$F153933 $H122536 $81 941 1 $a9 996 $6020$a978-88-97806-03-5$9(OLS)http://pul/number/152981 996 $6082$a241$9(OLS)http://pul/classification/246 996 $6245$aLa pretesa del bene :$bteoria dell'azione ed etica in Tommaso d'Aquino$9(OLS)http://pul/title/169787 996 $6260$aNapoli :$bOrthotes$9(OLS)http://pul/publisher/82284 LEADER 01990nam a2200361 u 4500 001 000000082462 003 CaOOAMICUS 005 20070226123851.0 008 050413s2004 be b u000 u fre u 020 $a90-429-1381-9 (Leuven) 020 $a2-87723-758-3 (France) 035 $a11038950 040 $aEFR$bita$dPUL 100 1 $aMardirossian, Aram.$0(OLS)http://pul/name/54779 245 13$aLe livre des canons arméniens (Kanonagirk' Hayoc') de Yovhannes Awjnec'i :$béglise, droit et société en Arménie du IVe au VIIIe siècle /$cpar Aram Mardirossian. 260 $aLovanii :$bPeeters,$c2004. 300 $axviii, 711 p. :$bcarte ;$c24 cm 490 1 $aCorpus scriptorum Christianorum Orientalium.,$x0070-0444 ;$v606.$aSubsidia ;$v116 502 $aTexte remanié de: Thèse (doctorat)--Université de Paris X-Nanterre, 2002. 504 $aBibliogr. p. [627]-692. 600 00$aHovhannes,$c?dznets'i,$dd. 729.$2//eng$0(OLS)http://pul/subject/28271 650 0$aCanon law$xHistory.$2//eng$0(OLS)http://pul/subject/400 651 0$aArmenia$xChurch history.$2//eng$0(OLS)http://pul/subject/9275 651 0$aArmenia$xSocial life and customs.$2//eng$0(OLS)http://pul/subject/28272 830 0$aCorpus scriptorum Christianorum Orientalium ;$v606.$0(OLS)http://pul/title/40 830 0$aCorpus scriptorum Christianorum Orientalium.$pSubsidia ;$v116.$0(OLS)http://pul/title/292 850 $aPUL 852 $aPUL$W1$xSL Religione 1$y3$m10(3) H 606$j105063$nBK-PRI$b $qStampati$B105063$CPULBib$Z2$F105063 $HPUL98945 $81 941 1 $a8 996 $6020$a90-429-1381-9 (Leuven)$9(OLS)http://pul/number/109292 996 $6020$a2-87723-758-3 (France)$9(OLS)http://pul/number/109293 996 $6245$aLe livre des canons arméniens (Kanonagirk' Hayoc') de Yovhannes Awjnec'i :$béglise, droit et société en Arménie du IVe au VIIIe siècle$9(OLS)http://pul/title/107752 996 $6260$aLovanii :$bPeeters$9(OLS)http://pul/publisher/51983